000 00637nam a22002297a 4500
003 UA-OsUOA
001 87472
007 ta
008 20120919b un ||||| |||| 00| 0 ukr d
100 _aМедина Мануэль
090 _a94(73)
_bМ42
942 _cBK
040 _aUA-OsUOA
_brus
_cUA-OsUOA
_dUA-OsUOA
245 _aСоединенные Штаты и Латинская Америка ХІХ век
300 _a358 с.
955 _a4
041 _arus
080 _a94(73)
260 _aМ.
_bПрогресс
_c1974
650 7 _a9 Географія. Біографії. Історія
_2UDC
999 _c373798
_d373798